| 000 -ლიდერი |
| ფიქსირებული სიგრძის საკონტროლო ველი |
01246nam a2200277Ia 4500 |
| 001 - საკონტროლო ნომერი |
| საკონტროლო ველი |
10517 |
| 003 - საკონტროლო ნომრის იდენტიფიკატორი |
| საკონტროლო ველი |
GE_BSU |
| 005 - ბოლო ოპერაციის თარიღი და დრო |
| საკონტროლო ველი |
20221031120759.0 |
| 008 - ფიქსირებული სიგრძის მონაცემთა ელემენტები - ზოგადი ინფორმაცია |
| ფიქსირებული სიგრძის საკონტროლო ველი |
181216s2012||||ge |||||||||||||| ||geo|| |
| 020 ## - წიგნის საერთაშორისო სტანდარტული ნომერი |
| International Standard Book Number |
9789941023897 |
| 040 ## - კატალოგიზაციის წყარო |
| Transcribing agency |
GE_BSU |
| 041 ## - ენის კოდი |
| Language code of text/sound track or separate title |
geo |
| 080 ## - უნივერსალური ათობითი კლასიფიკაციის ინდექსი |
| Universal Decimal Classification number |
336.71(075.8)+347.734(075.8)+005.91:336.71 ქ-69 |
| 100 ## - მთავარი ჩანაწერი - პიროვნების სახელი |
| Personal name |
ქოქიაური, ლამარა |
| 9 (RLIN) |
217 |
| 245 ## - ცნობა სათაურის შესახებ |
| Title |
საბანკო საქმიანობის საფუძვლები : |
| Remainder of title |
ბანკო საქმე. სახელმძღვ. ეკონ. პროფ. უმაღლ. სასწავლებლებისათვის / |
| Statement of responsibility, etc |
ლამარა ქოქიაური. |
| 250 ## - გამოცემის ცნობა |
| Edition statement |
მე–3 გამოც. |
| 264 ## - წარმოების, გამოცემის, დისტრიბუციის და სხვა ცნობები |
| გამოცემის, წარმოების, დისტრიბუციის... ადგილი |
თბილისი ; |
| გამოცემის, წარმოების, დისტრიბუციის... სახელწოდება |
საქ.ტექნ.უნ–ტი, |
| გამოცემის, წარმოების, დისტრიბუციის... თარიღი |
2012. |
| 300 ## - ფიზიკური აღწერა |
| Extent |
1047 გვ.; |
| Other physical details |
27 სმ. |
| 501 ## - შენიშვნა თანმხლებ მასალაზე |
| With note |
დანართები: გვ. 970-977. |
| 653 ## - INDEX TERM--UNCONTROLLED |
| Uncontrolled term |
საბანკო საქმე |
| 653 ## - INDEX TERM--UNCONTROLLED |
| Uncontrolled term |
საბანკო სამართალი |
| 653 ## - INDEX TERM--UNCONTROLLED |
| Uncontrolled term |
კომერციული ბანკები |
| 653 ## - INDEX TERM--UNCONTROLLED |
| Uncontrolled term |
საბანკო მენეჯმენტი |
| 942 ## - ADDED ENTRY ELEMENTS (KOHA) |
| Koha item type |
წიგნი |
| Source of classification or shelving scheme |
|